000 00322nam a22001337a 4500
008 180111b xxu||||| |||| 00| 0 eng d
020 _a9780870216497
041 _aeng
080 _240 ED
_a94
100 _a16
101 _aHIS
245 _aTHE SHIPS AND AIRCRAFT OF THE U.S FLEET
_cPOLMAR.N
942 _2udc
_cBK
999 _c40113
_d40113